000 00686nam a2200217 a 4500
001 24664
003 CO-ViMGA
008 141112s2004 ck r 000 u spa d
020 _a9788426367921
040 _aCO-ViMGA
_bspa
_cCO-ViMGA
082 0 4 _aSCHs
100 1 _aSchulz, Hermann
_936757
245 1 0 _aSi un león te pregunta la hora /
_cHermann Schulz; ilustraciones Marina Seoane; traduccion Cristina Rodríguez Aguilar
260 _aEspaña :
_bEd. Luis Vives,
_c2008
300 _a143 p.
490 _aala delta verde
650 1 4 _aCuentos infantiles
_92743
700 1 _aRodríguez Aguilar, Cristina; tr.
_936758
700 1 _aSeoane, Marina; il.
_936759
942 _2ddc
_cBK
999 _c32475
_d32475